Renee Rapp, Megan Thee Stallion- Not My Fault- ALL LYRICS - - Statistics

General Stats
  • This quiz has been taken 46 times
  • The average score is 373 of 492
Answer Stats
Answer % Correct
I
100%
a
97%
me
97%
with
97%
fault
94%
it
94%
It's
94%
it's
94%
love
94%
my
94%
no
94%
not
94%
You
94%
you
94%
in
91%
like
91%
Who
91%
who
91%
but
88%
But
88%
the
88%
you're
88%
You're
88%
Youre
88%
be
85%
girl
85%
her
85%
leave
85%
she
85%
free
82%
get
82%
Get
82%
I'm
82%
what,
82%
what
82%
What
82%
am
79%
an
79%
for
79%
might
79%
Where
79%
came
76%
can
76%
Can
76%
gay
76%
gotta
76%
or
76%
so
76%
to
76%
do
74%
know
74%
pay
74%
something
74%
amen
71%
Amen!
71%
and
71%
And
71%
friend
71%
from
71%
name
71%
that
71%
then
71%
this
71%
Kiss
68%
number
68%
shit
68%
wanna
68%
at
65%
before
65%
blonde
65%
mean
65%
Oh
65%
on
65%
while
65%
black
62%
can't
62%
is
62%
Regina
62%
same
62%
take
62%
wouldn't
62%
yeah
62%
bitch
59%
Bitch
59%
George
59%
good
59%
now
59%
she's
59%
She's
59%
Told
59%
told
59%
We
59%
back
56%
bite
56%
stallion
56%
thing
56%
bored
53%
Excuse
53%
tongue
53%
up
53%
woke
53%
all
50%
been
50%
cause
50%
'Cause
50%
'cause
50%
doin'
50%
hotter
50%
us
50%
was
50%
are
47%
enough
47%
Yesterday
47%
done
44%
how
44%
pettiness
44%
than
44%
there's
44%
way
44%
ya
44%
AI
41%
Bikini
41%
Don't
41%
flight
41%
if
41%
risk
41%
run
41%
they
41%
Any
38%
bad
38%
booty
38%
funny
38%
ain't
35%
always
35%
commotion
35%
Megan
35%
open
35%
top
35%
trojan
35%
care
32%
doors
32%
fuck
32%
rules
32%
shorts
32%
jenga
29%
mother
29%
pinterest
29%
pussy
29%
champagne
26%
core
26%
fuckin'
26%
mood
26%
more
26%
stroke
26%
bout
24%
hate
24%
Stack
24%
Stick
24%
thought
24%
Ballin'
21%
finna
21%
money
21%
okay
21%
stapler
21%
anything
18%
come
18%
endorse
18%
painter
18%
dudes
15%
influence
15%
sport
15%
Well,
15%
boring
9%
whores
6%
No matching quizzes found
Score Distribution
Percent of People with Each Score
Percentile by Number Answered
Your Score History
You have not taken this quiz